What Colour Is Your Parachute (Record no. 297247)

MARC details
000 -LEADER
fixed length control field 00364nam a2200157Ia 4500
008 - FIXED-LENGTH DATA ELEMENTS--GENERAL INFORMATION
fixed length control field 230718s9999 xx 000 0 und d
041 ## - LANGUAGE CODE
Language code of text/sound track or separate title eng
082 ## - DEWEY DECIMAL CLASSIFICATION NUMBER
Classification number 650.14
Item number NEL
100 ## - MAIN ENTRY--PERSONAL NAME
Personal name Nelson R.
9 (RLIN) 113681
245 ## - TITLE STATEMENT
Title What Colour Is Your Parachute
260 ## - PUBLICATION, DISTRIBUTION, ETC. (IMPRINT)
Date of publication, distribution, etc. 1997
Name of publisher, distributor, etc. Ten Speed
300 ## - PHYSICAL DESCRIPTION
Extent 293
365 ## - TRADE PRICE
Currency code Rs.
700 ## - ADDED ENTRY--PERSONAL NAME
Personal name Nelson R.
9 (RLIN) 113681
906 ## - LOCAL DATA ELEMENT F, LDF (RLIN)
c OTH
Holdings
Withdrawn status Lost status Damaged status Not for loan Home library Current library Date acquired Vendor Budget Code Total Checkouts Full call number Barcode Date last seen Bill Date Koha item type Original Barcode
        Cummins College of Engineering for Women Pune Cummins College of Engineering for Women Pune 08/08/1998 Pradeep Book Distributors OTH   650.14 CCEP-BK-8453 18/07/2023 18/07/2023 Books 008453